Primae luces. Una introducción al estudio del origen de la jurisprudencia romana
Salvato in:
| Autore principale: | |
|---|---|
| Natura: | Libro |
| Lingua: | spagnolo |
| Pubblicazione: |
Valladolid
Universidad de Valladolid
1994
|
| Serie: | Derecho, 27
|
| Soggetti: | |
| Tags: |
Aggiungi Tag
Nessun Tag, puoi essere il primo ad aggiungerne!!
|
MARC
| LEADER | 00000nam a2200000 a 4500 | ||
|---|---|---|---|
| 001 | UCR0301 | ||
| 003 | CL-VaPUC | ||
| 008 | 971129e19940000SP |||||||||||||||||spa|d | ||
| 082 | 0 | 4 | |a 340.54 |b CAS |2 21 |
| 100 | |a Casado Candelas, María Jesús |e author |9 395787 | ||
| 245 | 1 | 0 | |a Primae luces. Una introducción al estudio del origen de la jurisprudencia romana |
| 300 | |a 70 p | ||
| 942 | |c BK | ||
| 945 | |d 19971129 00:00:00 |a aolguin | ||
| 260 | |a Valladolid |b Universidad de Valladolid |c 1994 | ||
| 650 | 0 | |a Derecho romano |9 255930 | |
| 650 | 0 | |a Jurisprudencia |9 255952 | |
| 650 | 7 | |a FUENTES |2 CL-VaPUC |9 255666 | |
| 650 | 0 | |a Helenismo |9 267485 | |
| 650 | 0 | |a Lingüística |9 265068 | |
| 650 | 0 | |a Filosofía |9 223554 | |
| 650 | 0 | |a Ciencia del Derecho |9 391907 | |
| 650 | 7 | |a CASUISMO |2 CL-VaPUC |9 395788 | |
| 650 | 0 | |a Lógica jurídica |9 255966 | |
| 650 | 0 | |a Dialéctica |9 257902 | |
| 650 | 0 | |a Retórica |9 266620 | |
| 583 | |a last modification |c 19971129 00:00:00 |k Rodrigo Vera | ||
| 490 | 0 | |a Derecho, 27 | |
| 999 | |c 263845 |d 263843 | ||
| 952 | |0 0 |1 0 |2 ddc |4 0 |6 340_540000000000000_CAS_1994 |7 0 |8 DER_ROM |9 293329 |a BIBDER |b BIBDER |d 2019-11-19 |i 1898000 |l 1 |o 340.54 CAS 1994 |p 1898000 |r 2023-01-25 |s 2020-03-19 |w 2019-11-19 |x Ubicación 4to piso |y MX |z Este recurso debe solicitarse con anticipación |k DER | ||